000 00735nam a2200277 a 4500
999 _c8246
_d8246
001 8246
003 BD - JhCC
005 20200328134008.0
008 871028s1988 enka 001 0 eng d
020 _a9780749386061
035 _a(BD-JhCC)8246
040 _aBD-JhCC
_dBD-JhCC
041 _aeng
050 0 _aQ158.5
082 _a500
_219
082 _a003.857
_218
_bGLE 1998
100 1 _aGleick, James.
245 1 0 _aChaos :
_bmaking a new science /
_cJames Gleick
260 _aLondon :
_bHeinemann,
_c1988
300 _axi, 352 p :
_bill ;
_c24 cm
504 _aIncludes bibliography and index
650 0 _aChaotic behavior in systems
650 0 _aChaotic behavior in systems
942 _2ddc
_cBK
_02